| 000 | 00596nam a2200181Ia 4500 | ||
|---|---|---|---|
| 008 | 140925s9999 xx 000 0 und d | ||
| 020 | _a0975-3826 | ||
| 245 |
_aInternational Journal of computer science and information technology / _h[electronic resource] |
||
| 260 |
_bAIRCC Publishing Corporation, _cc2013. |
||
| 516 | _aElectronic text | ||
| 650 | _aComputer Science. | ||
| 650 | _aInformation Technology. | ||
| 650 | _aJournal. | ||
| 830 | _aAIRCC Publishing Corporation | ||
| 856 | _uhttp://airccse.org/journal/csit_archives.html | ||
| 942 | _cEJ | ||
| 999 |
_c275708 _d275708 |
||